00524nam a2200157Ia 4500008004100000041000800041082001400049100002200063245004500085250001400130260003900144300003100183365000900214999001700223952012600240240624s9999 xx 000 0 und d aeng a155.9 LOV aLOVALLO WILLIAM R aSTRESS AND HEALTH BIOLOGICAL AND PSYCHOL a(2nd ed.) c2005aNew DelhibSage Publications axiv, : 279 : p. : cm. ; 22 cb30 c11278d11278 00104070aIMTNbIMTNcRack 1-Bd2008-10-18eIBHg39.95n1701o155.9 LOVp11278r2024-06-24 00:00:00t48w2024-06-24yBK